| 000 | 00762nam a2200229 i 4500 | ||
|---|---|---|---|
| 001 | 59294 | ||
| 003 | ES-MaACL | ||
| 005 | 20251209063022.0 | ||
| 007 | t| | ||
| 008 | 031028s1945 ag ||||1| spa d | ||
| 100 | 1 |
_aEinstein, Albert, _d1879-1955 _946838 |
|
| 245 | 1 | 3 |
_aLa Física, aventura del pensamiento / _cAlbert Einstein y Leopold Infeld ; [traducción del inglés por Rafael Grinfeld]. |
| 250 | _a[3ª ed.]. | ||
| 260 |
_aBuenos Aires : _bLosada, _c[1945] ( _fBartolomé U. Chiesino) |
||
| 300 |
_a366 p. : _bil. ; _c21 cm. |
||
| 490 | 1 | _aCiencia y vida | |
| 700 | 1 |
_aGrinfeld, Rafael. _960071 |
|
| 700 | 1 |
_aInfeld, Leopold. _965268 |
|
| 830 | 0 |
_aCiencia y vida _9182674 |
|
| 852 |
_aES-MaACL _jC-4828 _bR.25415 |
||
| 999 |
_c59294 _d59294 |
||